The history of modern astronomy and astrophysics (Record no. 7766)
[ view plain ]
| 000 -LEADER | |
|---|---|
| fixed length control field | 00760nam a2200217Ia 4500 |
| 003 - CONTROL NUMBER IDENTIFIER | |
| control field | IN-BaIIA |
| 008 - FIXED-LENGTH DATA ELEMENTS--GENERAL INFORMATION | |
| fixed length control field | 211028s9999 xx 000 0 eng d |
| 020 ## - INTERNATIONAL STANDARD BOOK NUMBER | |
| International Standard Book Number | 0-8240-9283-X |
| 040 ## - CATALOGING SOURCE | |
| Transcribing agency | IIA Library |
| 080 ## - UNIVERSAL DECIMAL CLASSIFICATION NUMBER | |
| Universal Decimal Classification number | 52(091) |
| Item number | DEV |
| 100 ## - MAIN ENTRY--PERSONAL NAME | |
| Personal name | DeVorkin, David H. |
| 9 (RLIN) | 13118 |
| 245 #4 - TITLE STATEMENT | |
| Title | The history of modern astronomy and astrophysics |
| Remainder of title | a selected annotated bibliography |
| Statement of responsibility, etc. | David H. DeVorkin |
| 260 ## - PUBLICATION, DISTRIBUTION, ETC. | |
| Place of publication, distribution, etc. | New York |
| Name of publisher, distributor, etc. | Garland Publishing |
| Date of publication, distribution, etc. | 1982 |
| 300 ## - PHYSICAL DESCRIPTION | |
| Extent | xxvii, 434p. |
| 490 ## - SERIES STATEMENT | |
| Series statement | Bibliography of the history of Science and Technology; v. 1 |
| 650 ## - SUBJECT ADDED ENTRY--TOPICAL TERM | |
| Topical term or geographic name entry element | Astronomy and astrophysics thesaurus |
| 650 ## - SUBJECT ADDED ENTRY--TOPICAL TERM | |
| Topical term or geographic name entry element | Astronomy-History |
| 9 (RLIN) | 900 |
| 650 ## - SUBJECT ADDED ENTRY--TOPICAL TERM | |
| Topical term or geographic name entry element | Bibliography |
| 9 (RLIN) | 2940 |
| 650 ## - SUBJECT ADDED ENTRY--TOPICAL TERM | |
| Topical term or geographic name entry element | History-Astronomy |
| 9 (RLIN) | 1125 |
| 942 ## - ADDED ENTRY ELEMENTS (KOHA) | |
| Koha item type | Books |
| Withdrawn status | Lost status | Damaged status | Not for loan | Home library | Current library | Shelving location | Date acquired | Total Checkouts | Full call number | Barcode | Date last seen | Price effective from | Koha item type | Purchase Price |
|---|---|---|---|---|---|---|---|---|---|---|---|---|---|---|
| IIA Library-Bangalore | IIA Library-Bangalore | General Stacks | 30/08/1983 | 52(091)/ DEV | 8583 | 05/11/2021 | 30/08/1983 | Books | £ 64.20 |